Tokio - Monivalintavisa - Statistics

Yleistilastot
  • Tätä visaa on pelattu 324 kertaa
  • Keskiarvotulos 5 / 10
Vastaustilastot
Kysymys Vastaus % Oikein
Kuinka monta kertaa Tokio on järjestänyt kesäolympialaiset? 2
71%
Mikä oli Tokion entinen nimi? Edo
67%
Minkänimisellä saarella Tokio sijaitsee? Honshu
63%
Minä vuonna Tokion kiinteistömarkkinakupla saavutti huippunsa? 1989
56%
Mikä tappoi yli 100 000 ihmistä Tokiossa ja sen lähialueilla vuonna 1923? maanjäristys
54%
Mikä seuraavista elokuvista EI sijoittunut Tokioon? Parasite
54%
Mikä on sen alueen nimi, jossa Tokio sijaitsee? Kanto
53%
Mikä on Tokion korkein rakennus? Tokyo Skytree
44%
Mikä Tokionlahden kaupunki on Japanin toiseksi väkirikkain hallinnollisen kaupungin väkiluvulla mitattuna? Jokohama
30%
Kuka Japanin keisari siirsi pääkaupungin Tokioon? Meiji
30%
Ehtoja vastaavia visoja ei löytynyt
Tulosjakauma
Jokaisen tuloksen saaneiden osuus
Persentiili vastausten määrän mukaan
Tuloshistoriasi
Et ole pelannut tätä visaa